• 首页
  • 本馆介绍
  • 公告通知
  • 最新文献
  • 馆藏检索
  • 电子资源
  • 读者导购
  • 参考咨询
  • 我的图书馆
  • 登录
  • 详细信息显示
  • 放入我的书架
  • 预约/预借图书
  • 作者相关作品
  • 分类相关作品
  • 丛书相关作品
  • 出版社相关作品

书目信息

  • 表格格式
  • 工作单格式
  • 卡片格式
题名:
国际贸易操作实务
    
 
作者: 张彦欣 , 卓小苏 , 杨楠楠 编著
分册:  
出版信息: 北京   中国纺织出版社  2009
页数: 393页
开本: 24cm
丛书名:
单 册:
中图分类: F740.4
科图分类:
主题词: 国际贸易--贸易实务 , 国际贸易 , 贸易实务
电子资源:
ISBN: 978-7-5064-5481-0
000 01057nam0 2200313 45
001 1034536007
005 20100319083133.45
010    @a978-7-5064-5481-0@dCNY40.00
100    @a20100312d2009 em y0chiy50 ea
101 0  @achi
102    @aCN@b110000
105    @ay z 000yy
106    @ar
200 1  @a国际贸易操作实务@AGuo Ji Mao Yi Cao Zuo Shi Wu@f张彦欣,卓小苏,杨楠楠编著@FZhang Yan Xin, Zhuo Xiao Su, Yang Nan Nan Bian Zhu
205    @a2版
210    @a北京@c中国纺织出版社@d2009
215    @a393页@d24cm
312    @a封面英文题名:International trade
330    @a本书对贸易本身及与贸易有关的运输业务、保险业务、银行业务、贸易惯例、规则、报关手续、检验、索赔及仲裁等都作了详细说明。
510 1  @aInternational trade@zeng
606 0  @a国际贸易@x贸易实务
606 0  @a国际贸易
606 0  @a贸易实务
690    @aF740.4@v4
701  0 @a张彦欣@AZhang Yan Xin@4编著
701  0 @a卓小苏@AZhuo Xiao Su@4编著
701  0 @a杨楠楠@AYang Nan Nan@4编著
801  0 @aCN@bTANGWEI@c20100319
905    @b0586052-54@dF740.4@e115=2@f3
    
    国际贸易操作实务/张彦欣,卓小苏,杨楠楠编著.-2版.-北京:中国纺织出版社,2009
    393页;24cm
    
    
    ISBN 978-7-5064-5481-0:CNY40.00
    本书对贸易本身及与贸易有关的运输业务、保险业务、银行业务、贸易惯例、规则、报关手续、检验、索赔及仲裁等都作了详细说明。
●
相关链接 在E读中查询图书 在五车中查询图书 在当当中查询图书 在豆瓣中查询图书


正题名:国际贸易操作实务     索取号:F740.4/115=2         预约/预借

序号 登录号 条形码 馆藏地/架位号 状态 备注
1 0586052   205860521   第一样本阅览室/ [索取号:F740.4/115=2] 在馆    
2 0586053   205860530   密集书库-海洋学院/ [索取号:F740.4/115=2] 在馆    
3 0586054   205860549   第一借阅区/ [索取号:F740.4/115=2] 在馆    
唐山师范学院图书馆 欢迎您!
大连网信软件有限公司© 版权所有